000 00707nam a2200277 a 4500
999 _c172689
_d172689
005 20190601202433.0
008 190601b my ||||| |||| 00| 0 eng d
040 _aPPAK
_cPPAK
082 _a895.1
090 0 0 _a895.1
_bCHI
_dG
100 _lEnglish
100 _kFiction
245 _aThe Chinese PEN :
245 _bSpring 1994
260 _aTaipei, Taiwan
260 _bTaipei Chinese Center, International P.E.N.
260 _c[n.d.]
300 _a115p.
300 _bcol. ill.
300 _c21cm.
336 _2rdacontent
_atext
337 _2rdamedia
_aunmediated
338 _2rdacarrier
_avolume
650 _aShort stories, Chinese - Translations into English
942 _2ddc
_cB